[Event "Crema op 16th"]
[Site "Crema"]
[Date "2015.09.04"]
[Round "1"]
[White "Perico, Gianvittorio"]
[Black "Cassi, Elisa"]
[Result "1-0"]
[WhiteElo "1892"]
[BlackElo "1495"]
[PlyCount "53"]
[EventDate "2015.09.04"]
[EventType "swiss"]
[EventRounds "6"]
[EventCountry "ITA"]
[SourceTitle "EXT 2024"]
[Source "ChessBase"]
[SourceDate "2023.10.10"]
[SourceVersion "1"]
[SourceVersionDate "2023.10.10"]
[SourceQuality "1"]

1. e4 e5 2. Nf3 Nc6 3. d4 exd4 4. Nxd4 Bc5 5. Be3 Bb6 6. Bc4 d6 7. 0-0 Nf6 8. Nxc6 bxc6 9. Bg5 h6 10. Bh4 0-0 11. Nc3 Be6 12. Bd3 Re8 13. Kh1 Bd7 14. f4 Bd4 15. Rb1 Qc8 16. Ne2 Bg4 17. c3 Bb6 18. Bxf6 gxf6 19. Qd2 f5 20. Ng3 fxe4 21. Nxe4 Qe6 22. Rbe1 Kh8 23. f5 Qe7 24. Qxh6+ Kg8 25. Nf6+ Qxf6 26. Qxf6 Kf8 27. Qg5 1-0